| 000 | 00782cab a2200241 4500 | ||
|---|---|---|---|
| 001 | ABS60203 | ||
| 008 | 090401t1999 xxu||||| |||| 00| 0 eng d | ||
| 035 | _a(Sirsi) u99722 | ||
| 041 | _aeng | ||
| 100 | _aArmstrong, J. | ||
| 245 | 4 | _aThe Data Protection Act 1998 | |
| 260 | _c1999 | ||
| 350 | _a0 | ||
| 490 |
_aFaculty of Building Journal _v8(1) February 1999, 20-21(2) |
||
| 520 | _aLooks at the changes the Data Protectin Act 1998 will mean for companies and individuals. (Taken from Journal headnote.) Highlights the ways these changes will relate to the construction industry. | ||
| 650 | _aCOMPANIES | ||
| 650 | _aDATA PROTECTION ACT 1984 | ||
| 650 | _aDATA PROTECTION ACT 1998 | ||
| 650 | _aINDIVIDUALS | ||
| 690 | _aLAW | ||
| 942 | _n0 | ||
| 948 | _c03/03/1999 | ||
| 999 |
_c59959 _d59959 |
||